<?xml version="1.0" encoding="UTF-8"?>
<record
    xmlns:xsi="http://www.w3.org/2001/XMLSchema-instance"
    xsi:schemaLocation="http://www.loc.gov/MARC21/slim http://www.loc.gov/standards/marcxml/schema/MARC21slim.xsd"
    xmlns="http://www.loc.gov/MARC21/slim">

  <leader>03425cam a22004814i 4500</leader>
  <controlfield tag="003">PE-LiUPU</controlfield>
  <controlfield tag="005">20250731173417.0</controlfield>
  <controlfield tag="008">150706s2006    miu     r     000 0 spa d</controlfield>
  <datafield tag="020" ind1=" " ind2=" ">
    <subfield code="a">9780758612434</subfield>
  </datafield>
  <datafield tag="035" ind1=" " ind2=" ">
    <subfield code="a">(Sirsi) i9780758612434</subfield>
  </datafield>
  <datafield tag="040" ind1=" " ind2=" ">
    <subfield code="a">PE-LiUPU</subfield>
    <subfield code="b">spa</subfield>
    <subfield code="c">PE-LiUPU</subfield>
    <subfield code="e">rda</subfield>
  </datafield>
  <datafield tag="049" ind1=" " ind2=" ">
    <subfield code="a">PRUA</subfield>
  </datafield>
  <datafield tag="082" ind1="0" ind2="4">
    <subfield code="a">252.625</subfield>
    <subfield code="b">L98</subfield>
    <subfield code="2">21</subfield>
  </datafield>
  <datafield tag="100" ind1="1" ind2=" ">
    <subfield code="a">Lutero, Mart&#xED;n,</subfield>
    <subfield code="d">1483-1546.,</subfield>
    <subfield code="e">autor.</subfield>
    <subfield code="9">1490</subfield>
  </datafield>
  <datafield tag="245" ind1="1" ind2="0">
    <subfield code="a">Sermones para semana santa /</subfield>
    <subfield code="c">Mart&#xED;n Lutero.</subfield>
  </datafield>
  <datafield tag="264" ind1=" " ind2="1">
    <subfield code="a">Missouri :</subfield>
    <subfield code="b">Concordia,</subfield>
    <subfield code="c">2006.</subfield>
  </datafield>
  <datafield tag="300" ind1=" " ind2=" ">
    <subfield code="a">181 p&#xE1;ginas ;</subfield>
    <subfield code="c">23 cent&#xED;metros</subfield>
  </datafield>
  <datafield tag="336" ind1=" " ind2=" ">
    <subfield code="a">text</subfield>
    <subfield code="2">rdacontent</subfield>
  </datafield>
  <datafield tag="337" ind1=" " ind2=" ">
    <subfield code="a">unmediated</subfield>
    <subfield code="2">rdamedia</subfield>
  </datafield>
  <datafield tag="338" ind1=" " ind2=" ">
    <subfield code="a">volume</subfield>
    <subfield code="2">rdacarrier</subfield>
  </datafield>
  <datafield tag="505" ind1="0" ind2=" ">
    <subfield code="a">Domingo de Ramos de ma&#xF1;ana, 21 de marzo de 1529 Mateo 21: 1ss y la confesi&#xF3;n -- Domingo de Ramos de tarde, 21 de marzo de 1529 acerca de la recepci&#xF3;n de ambas especies -- Lunes de la ma&#xF1;ana, semana santa, 22 de marzo de 1529 la santa cena: acerca de la presencia real -- Martes de ma&#xF1;ana, semana santa 23 de marzo de 1529 la semana cena: no convertir el sacramento en una obra -- Mi&#xE9;rcoles de ma&#xF1;ana, semana santa, 24 de marzo de 1529 la santa cena:  recibida por fe en la palabra -- Jueves santo de ma&#xF1;ana, 25 de marzo de 1529 exhortaci&#xF3;n para la participaci&#xF3;n en la Santa Cena -- Jueves santo de tarde, 25 de marzo de 1529 la pasi&#xF3;n: ungimiento en Betania, la cena de despedida y el lavamiento de los pies -- Viernes santo de ma&#xF1;ana, 26 de marzo de 1529 la pasi&#xF3;n: Getseman&#xED; -- Viernes santo de tarde, 26 de marzo de 1529 la pasi&#xF3;n:  juicio y crucifixi&#xF3;n -- S&#xE1;bado santo de ma&#xF1;ana, 27 de marzo de 1529 la pasi&#xF3;n: palabras desde la cruz -- S&#xE1;bado santo de tarde, 27 de marzo de 1529 la pasi&#xF3;n: palabras desde la cruz, muerte y sepultura -- Domingo de pascua de ma&#xF1;ana, 28 de marzo de 1529 la resurrecci&#xF3;n de Cristo y su significado -- Domingo de pascua de tarde, 28 de marzo de 1529 la resurrecci&#xF3;n de Cristo, una proclamaci&#xF3;n -- Lunes de pascua de ma&#xF1;ana, 29 de marzo de 1529 la resurrecci&#xF3;n de Cristo, y la muerte de referencia a la ley -- Lunes de pascua de tarde, 29 de marzo de 1529 Cristo resucitado se aparece a Mar&#xED;a Magdalena (Juan 20:11-18) -- Martes de pascua de ma&#xF1;ana, 30 de marzo de 1529 Cristo resucitado comisiona a los disc&#xED;pulos -- Martes de pascua de tarde, 30 de marzo de 1529 el prop&#xF3;sito de la resurrecci&#xF3;n de Cristo:  arrepentimiento y perd&#xF3;n de pecados (Lucas 24:45-47) -- Mi&#xE9;rcoles de pascua de ma&#xF1;ana, 31 de marzo de 1529 la resurrecci&#xF3;n de la carne (1 Corintios 15:1ss).</subfield>
  </datafield>
  <datafield tag="526" ind1=" " ind2=" ">
    <subfield code="a">SEG42</subfield>
  </datafield>
  <datafield tag="526" ind1=" " ind2=" ">
    <subfield code="a">SEG41</subfield>
  </datafield>
  <datafield tag="526" ind1=" " ind2=" ">
    <subfield code="a">SEG40</subfield>
  </datafield>
  <datafield tag="526" ind1=" " ind2=" ">
    <subfield code="a">SEG39</subfield>
  </datafield>
  <datafield tag="526" ind1=" " ind2=" ">
    <subfield code="a">P94</subfield>
  </datafield>
  <datafield tag="526" ind1=" " ind2=" ">
    <subfield code="a">P87</subfield>
  </datafield>
  <datafield tag="526" ind1=" " ind2=" ">
    <subfield code="a">P86</subfield>
  </datafield>
  <datafield tag="526" ind1=" " ind2=" ">
    <subfield code="a">P85</subfield>
  </datafield>
  <datafield tag="526" ind1=" " ind2=" ">
    <subfield code="a">P77</subfield>
  </datafield>
  <datafield tag="526" ind1=" " ind2=" ">
    <subfield code="a">P76</subfield>
  </datafield>
  <datafield tag="526" ind1=" " ind2=" ">
    <subfield code="a">P35</subfield>
  </datafield>
  <datafield tag="541" ind1=" " ind2=" ">
    <subfield code="g">001-0000567;</subfield>
  </datafield>
  <datafield tag="650" ind1="0" ind2="4">
    <subfield code="a">Sermones de Semana Santa.</subfield>
  </datafield>
  <datafield tag="650" ind1="0" ind2="4">
    <subfield code="a">Pascua</subfield>
    <subfield code="x">Sermones.</subfield>
  </datafield>
  <datafield tag="650" ind1="0" ind2="4">
    <subfield code="a">Iglesia Luterana</subfield>
    <subfield code="x">Sermones.</subfield>
  </datafield>
  <datafield tag="910" ind1=" " ind2=" ">
    <subfield code="a">gl</subfield>
    <subfield code="b">jv</subfield>
    <subfield code="c">lch</subfield>
    <subfield code="d">20120529</subfield>
  </datafield>
  <datafield tag="942" ind1=" " ind2=" ">
    <subfield code="2">ddc</subfield>
    <subfield code="c">BOOK</subfield>
  </datafield>
  <datafield tag="949" ind1=" " ind2=" ">
    <subfield code="a">252.625 L98</subfield>
    <subfield code="w">DEWEY</subfield>
    <subfield code="c">1</subfield>
    <subfield code="i">64708</subfield>
    <subfield code="l">CCODEBUL1</subfield>
    <subfield code="m">BUL</subfield>
    <subfield code="p">18.00</subfield>
    <subfield code="r">0</subfield>
    <subfield code="s">Y</subfield>
    <subfield code="t">BOOK</subfield>
    <subfield code="u">2015-7-6</subfield>
    <subfield code="x">TEOLOGIA</subfield>
    <subfield code="P">P35</subfield>
    <subfield code="o">.STAFF. Colecci&#xF3;n Teolog&#xED;a</subfield>
  </datafield>
  <datafield tag="994" ind1=" " ind2=" ">
    <subfield code="a">C0</subfield>
    <subfield code="b">PEPRU</subfield>
  </datafield>
  <datafield tag="596" ind1=" " ind2=" ">
    <subfield code="a">1</subfield>
  </datafield>
  <datafield tag="999" ind1=" " ind2=" ">
    <subfield code="a">252.625 L98</subfield>
    <subfield code="w">DEWEY</subfield>
    <subfield code="c">53412</subfield>
    <subfield code="i">64708</subfield>
    <subfield code="d">53412</subfield>
    <subfield code="e">2019-10-29</subfield>
    <subfield code="f">2021-11-10</subfield>
    <subfield code="g">5</subfield>
    <subfield code="l">CCODEBUL1</subfield>
    <subfield code="m">BUL</subfield>
    <subfield code="n">3</subfield>
    <subfield code="p">18.00</subfield>
    <subfield code="r">0</subfield>
    <subfield code="s">Y</subfield>
    <subfield code="t">BOOK</subfield>
    <subfield code="u">2015-7-6</subfield>
    <subfield code="x">TEOLOGIA</subfield>
    <subfield code="P">P35</subfield>
    <subfield code="0">COMPRA</subfield>
    <subfield code="o">.STAFF. Colecci&#xF3;n Teolog&#xED;a</subfield>
  </datafield>
  <datafield tag="980" ind1=" " ind2=" ">
    <subfield code="8">1</subfield>
    <subfield code="g">ALBERTO SANCHEZ Responsable de Automatizaci&#xF3;n</subfield>
  </datafield>
  <datafield tag="952" ind1=" " ind2=" ">
    <subfield code="r">2025-12-03 00:00:00</subfield>
    <subfield code="i">6</subfield>
    <subfield code="l">4</subfield>
    <subfield code="o">252.625 L98</subfield>
    <subfield code="p">64708</subfield>
    <subfield code="s">2023-04-26</subfield>
    <subfield code="t">e1</subfield>
    <subfield code="v">23.00</subfield>
    <subfield code="w">2015-07-06</subfield>
    <subfield code="x">FT</subfield>
    <subfield code="y">BK</subfield>
    <subfield code="z">inventario-2023-12-13</subfield>
    <subfield code="1">0</subfield>
    <subfield code="2">ddc</subfield>
    <subfield code="5">0</subfield>
    <subfield code="7">0</subfield>
    <subfield code="8">GEN</subfield>
    <subfield code="f">P35</subfield>
    <subfield code="a">BUL</subfield>
    <subfield code="b">BUL</subfield>
    <subfield code="c">GEN</subfield>
    <subfield code="d">2015-07-06</subfield>
    <subfield code="e">COMPRA</subfield>
    <subfield code="g">18.00</subfield>
  </datafield>
</record>
